| 000 | 009530000a22002170004500 | ||
|---|---|---|---|
| 020 | _a968-6529-79-9 | ||
| 041 | 0 | _aSPA | |
| 082 | 0 | 4 | _aG 266.04 M4789g |
| 100 | 1 | _aMcQuilkin, Robertson | |
| 245 | 1 | 0 | _aLa Gran Omisión : lo que la Biblia dice acerca de la evangelización mundial / Robertson Mcquilkin ; traducido por Elizabeth Cantú de Márquez |
| 260 | _aPuebla, México / Las Américas | ||
| 300 | _a93 p. | ||
| 501 | _arústico | ||
| 505 | 0 | 0 | _aTres amores: amor por uno mismo, amor por los demás, amor por Dios -- Viendo las cosas desde las perspectivas de Dios: ¿Qué desea Dios?, ¿Cómo es Dios? -- Perdidos -- Pérdida de poder -- ¿Quién llama? |
| 650 | 1 | 4 | _aIGLESIA - MISIONES \ EVANGELIZACION \ TEOLOGIA DE LA MISION \ VOCACION MISIONERA \ MISIONOLOGIA EVANGELICA \ MISIONOLOGIA |
| 001 | 18412 | ||
| 942 | _cBK | ||
| 999 |
_c44850 _d44850 |
||
| 336 |
_atexto _btxt _2rdacontent |
||
| 337 |
_2rdamedia _asin mediación _bn |
||
| 338 |
_2rdacarrier _avolumen _bnc |
||